000 00989nam a2200229 u 4500
001 000346846
003 AM-YeHGA
005 20250618072154.0
008 040301s1976 ai r 000 0 arm d
040 _aAM-YeHGA
041 0 _aarm
100 1 _aԱվագյան, Գրիգոր Երեմի,
_d1928-2005
_99258
245 1 0 _aՍովետական Հայաստանի աշխարհագրություն :
_bՈւս. ձեռնարկ միջն. դպր. 8-րդ դաս. համար /
_cԳ.Ե. Ավագյան, Թ.Խ. Հակոբյան, Կ.Օ. Օհանյան.
250 _a6-րդ հրատ., վերամշակ. և բարեփոխ.
260 _aԵրևան :
_bԼույս,
_c1976.
300 _a168 էջ
_bնկ. ;
_c22 սմ.
650 1 4 _aԱշխարհագրություն
_zՍովետական Հայաստան
_vԴասագիրք
700 1 _aՀակոբյան, Թադևոս Խաչատուրի,
_d1917-1989
_91216
700 1 _aՕհանյան, Կիրակոս Օհանի
942 _2udc
_cBK
090 _c133586
999 _c132220
_d132220